000 00468nam a2200181Ia 4500
003 GCL
008 140319s9999 xx 000 0 ara d
040 _aGCL /
_cGCL
082 0 4 _a370.15
_bث ت
100 1 _aثناء يوسف العاصى
245 1 0 _aتربية الطفل /
_cثناء يوسف العاصى
300 _a325 ص
490 _a
650 0 4 _aالتربية
650 0 4 _aالاطفال
650 0 4 _aرياض الاطفال
942 _2ddc
_cBK
999 _c44684
_d44684